[Event "Lichtenberger Sommer 2024"]
[Site "Berlin"]
[Date "2024.08.11"]
[Round "2.1"]
[White "Costello, Colin"]
[Black "Das, Soham"]
[Result "0-1"]
[WhiteElo "1956"]
[BlackElo "2334"]
[PlyCount "120"]
[EventDate "2024.08.10"]
[WhiteTeam "SC Zugzwang 95 e.V."]
[BlackTeam "SK Tarrasch 1945 München"]

1. c4 c6 2. d4 d5 3. e3 Nf6 4. Nf3 e6 5. Bd3 dxc4 6. Bxc4 b5 7. Bd3 Bb7 8. O-O
a6 9. a4 b4 10. Nbd2 c5 11. Nb3 cxd4 12. exd4 Nbd7 13. Bg5 Be7 14. Rc1 O-O 15.
Re1 Bd5 16. Ne5 Nxe5 17. dxe5 Nd7 18. Bxe7 Qxe7 19. Nd4 f6 20. Qh5 g6 21. Qh4
Rae8 22. exf6 Qd6 23. Qg3 Qxg3 24. hxg3 e5 25. Nc6 Bxc6 26. Rxc6 Rxf6 27. Rxf6
Nxf6 28. Bxa6 e4 29. Bb5 Rc8 30. a5 Rc5 31. Ba4 Rxa5 32. Bb3+ Kf8 33. f3 Ke7
34. Kf2 Kd6 35. fxe4 Ke5 36. Kf3 Ra7 37. Rd1 Ra8 38. Rc1 Nxe4 39. Ke3 Nxg3 40.
Rc5+ Kf6 41. Kf3 Nf5 42. Kf4 g5+ 43. Kg4 h5+ 44. Kh3 g4+ 45. Kh2 g3+ 46. Kh3
Ra1 47. Rxf5+ Kxf5 48. Kxg3 Ke4 49. Bf7 Rh1 50. b3 Ke3 51. Bg6 h4+ 52. Kg4 Rh2
53. Bf7 Rxg2+ 54. Kxh4 Kd4 55. Kh3 Rg7 56. Bc4 Kc3 57. Bd5 Kb2 58. Bc4 Kc2 59.
Bd5 Rc7 60. Kg2 Rc3 0-1

[Event "Lichtenberger Sommer 2024"]
[Site "Berlin"]
[Date "2024.08.11"]
[Round "2.2"]
[White "Hesse, Henrik"]
[Black "Simcaks, Sergejs"]
[Result "1-0"]
[WhiteElo "2313"]
[BlackElo "1955"]
[PlyCount "67"]
[EventDate "2024.08.10"]
[WhiteTeam "SV Mattnetz Berlin e.V."]
[BlackTeam "SSC Graal-Müritz"]

1. c4 e5 2. g3 Nf6 3. Bg2 d5 4. cxd5 Nxd5 5. Nc3 Be6 6. Nf3 Nc6 7. O-O Bc5 8.
Nxe5 Bxf2+ 9. Rxf2 Nxe5 10. Nxd5 Bxd5 11. e4 Be6 12. d4 O-O 13. Bf4 Ng6 14. Be3
Qe7 15. d5 Rad8 16. Qc2 Bc8 17. Bc5 Qd7 18. Bxf8 Rxf8 19. Rc1 c6 20. dxc6 bxc6
21. Qxc6 Qd4 22. Qc5 Qa4 23. e5 Be6 24. Bd5 Qd7 25. Bxe6 Qxe6 26. Re1 h5 27.
Qd6 Re8 28. Qxe6 Rxe6 29. Rfe2 h4 30. Kg2 hxg3 31. hxg3 Ne7 32. Rd2 Ra6 33.
Rd8+ Kh7 34. Rd6 1-0

[Event "Lichtenberger Sommer 2024"]
[Site "Berlin"]
[Date "2024.08.11"]
[Round "2.3"]
[White "Alten, Silvio"]
[Black "Tschernatsch, Johannes"]
[Result "0-1"]
[WhiteElo "1948"]
[BlackElo "2264"]
[PlyCount "126"]
[EventDate "2024.08.10"]
[WhiteTeam "SV Mattnetz Berlin e.V."]
[BlackTeam "SV Babelsberg 03 e.V."]

1. e4 c5 2. Nf3 d6 3. Bb5+ Nd7 4. c3 Ngf6 5. Qe2 e6 6. O-O a6 7. Ba4 Be7 8. Re1
O-O 9. d4 e5 10. Bc2 Qc7 11. a4 b6 12. Bd3 Re8 13. d5 Nf8 14. Nbd2 Qb7 15. Nf1
Ng6 16. g3 Bd7 17. c4 Reb8 18. Bd2 Ne8 19. h4 Nc7 20. Ne3 Bf8 21. Kg2 Ne7 22.
h5 b5 23. b3 bxa4 24. bxa4 Qc8 25. Nh4 Rb2 26. a5 Ne8 27. Rh1 Nf6 28. Nf3 Rab8
29. Nd1 R2b7 30. Nc3 h6 31. Rh4 Qd8 32. Na4 Nc8 33. Nh2 Be7 34. Nf1 Nh7 35. Rh1
Bg5 36. f4 Bf6 37. Ra2 Qe8 38. Nc3 Rb2 39. Rxb2 Rxb2 40. Nd1 Ra2 41. Bb1 Ra1
42. Qd3 Ne7 43. Bc3 Ra3 44. f5 Qb8 45. Nfe3 Bg5 46. Re1 Nf6 47. g4 Ba4 48. Kf3
Nh7 49. Bc2 Bxe3 50. Rxe3 Ng5+ 51. Kg3 Kh7 52. Nf2 Ng8 53. Nh3 Nxh3 54. Kxh3
Nf6 55. Kg3 Bxc2 56. Qxc2 Qe8 57. Kf3 Qa4 58. Qd3 Qb3 59. Qe2 Ra2 60. Bxe5 Qb1
61. Bxd6 Qh1+ 62. Kg3 Rxe2 63. Rxe2 Nxe4+ 0-1

[Event "Lichtenberger Sommer 2024"]
[Site "Berlin"]
[Date "2024.08.11"]
[Round "2.4"]
[White "Escher, Clemens"]
[Black "Reiche, Henry"]
[Result "1-0"]
[WhiteElo "2198"]
[BlackElo "1945"]
[PlyCount "49"]
[EventDate "2024.08.10"]
[WhiteTeam "SK König Tegel 1949 e.V."]
[BlackTeam "SG Weißensee 49 e.V."]

1. d4 c6 2. Nf3 d6 3. e4 e6 4. c4 Be7 5. Nc3 Nf6 6. Bd3 Nbd7 7. e5 dxe5 8. dxe5
Ng4 9. Qe2 Qa5 10. Bf4 Bb4 11. Rc1 Qxa2 12. O-O Bxc3 13. Rxc3 Qa5 14. Re1 h5
15. h3 Nh6 16. Ng5 Ng8 17. Ne4 Ne7 18. Nd6+ Kf8 19. Bd2 f5 20. exf6 Nxf6 21.
Nxc8 Rxc8 22. Qxe6 Re8 23. Bc2 Qd8 24. Rd3 Ned5 25. Bb4+ 1-0

[Event "Lichtenberger Sommer 2024"]
[Site "Berlin"]
[Date "2024.08.11"]
[Round "2.5"]
[White "Regel, Michael"]
[Black "Ross, Chris N"]
[Result "1/2-1/2"]
[WhiteElo "1804"]
[BlackElo "2171"]
[PlyCount "33"]
[EventDate "2024.08.10"]
[WhiteTeam "SC Friesen Lichtenberg e.V."]
[BlackTeam "Hillsborough Chess Club"]

1. Nf3 g6 2. g3 Bg7 3. Bg2 e5 4. d3 d6 5. O-O Nc6 6. c4 f5 7. Nc3 Nf6 8. Bd2
O-O 9. Rb1 h6 10. b4 Be6 11. b5 Ne7 12. Ne1 d5 13. cxd5 Nexd5 14. Qc2 Qd7 15.
Nf3 Nh5 16. Rfc1 Rac8 17. Na4 1/2-1/2

[Event "Lichtenberger Sommer 2024"]
[Site "Berlin"]
[Date "2024.08.11"]
[Round "2.6"]
[White "Scheide, Helmut"]
[Black "Bui, Bao Anh Le"]
[Result "0-1"]
[WhiteElo "1946"]
[BlackElo "2177"]
[PlyCount "50"]
[EventDate "2024.08.10"]
[WhiteTeam "USV Potsdam e.V., Abt. Schach"]
[BlackTeam "SV Mattnetz Berlin e.V."]

1. Nf3 Nf6 2. d4 d5 3. c4 e6 4. e3 c6 5. Bd3 Nbd7 6. Nc3 dxc4 7. Bxc4 b5 8. Bd3
Bd6 9. O-O O-O 10. Bd2 a6 11. Ne4 Nxe4 12. Bxe4 Bb7 13. Rc1 Rc8 14. b4 Qe7 15.
Qb3 e5 16. Qb1 g6 17. g3 exd4 18. exd4 Nf6 19. Rfe1 Nxe4 20. Rxe4 Qf6 21. Ne5
c5 22. Rf4 Qe6 23. Re1 Qd5 24. f3 f6 25. Nd7 Bxf4 0-1

[Event "Lichtenberger Sommer 2024"]
[Site "Berlin"]
[Date "2024.08.11"]
[Round "2.7"]
[White "Matthes, Aaron"]
[Black "Beduschi, Ben"]
[Result "1-0"]
[WhiteElo "2174"]
[BlackElo "1941"]
[PlyCount "85"]
[EventDate "2024.08.10"]
[WhiteTeam "SC Kreuzberg e.V."]
[BlackTeam "Barnimer SF im SV Sta"]

1. d4 Nf6 2. c4 e6 3. Nf3 Bb4+ 4. Bd2 Qe7 5. e3 O-O 6. Bd3 Bxd2+ 7. Qxd2 d6 8.
Nc3 e5 9. Bc2 Na6 10. O-O c6 11. Ng5 h6 12. Nge4 Nxe4 13. Nxe4 Bf5 14. Nc3 Bxc2
15. Qxc2 Nc7 16. Rad1 Rac8 17. Rfe1 Rfe8 18. Qb3 Ne6 19. Qa3 exd4 20. exd4 d5
21. Qxa7 Qb4 22. Qa4 Qxc4 23. Qxc4 dxc4 24. g3 Red8 25. d5 cxd5 26. Nxd5 Kf8
27. Nb6 Rxd1 28. Rxd1 Rc6 29. Nd7+ Ke7 30. Ne5 Rc7 31. f4 g6 32. Rd5 Nf8 33.
Rb5 Nd7 34. Ng4 h5 35. Ne3 Kd6 36. Rb4 c3 37. Rd4+ Ke6 38. Nd5 Rc5 39. Nxc3 Nb6
40. Rb4 Rc6 41. Kf1 Nc4 42. Rxb7 Nxb2 43. Ne2 1-0

[Event "Lichtenberger Sommer 2024"]
[Site "Berlin"]
[Date "2024.08.11"]
[Round "2.8"]
[White "Reichmann, Felix"]
[Black "Reiche, Andreas"]
[Result "1-0"]
[WhiteElo "2171"]
[BlackElo "1939"]
[PlyCount "43"]
[EventDate "2024.08.10"]
[WhiteTeam "SV Empor Berlin e.V."]
[BlackTeam "SV Berolina Mitte e.V."]

1. c4 Nf6 2. Nf3 g6 3. Nc3 Bg7 4. e4 c5 5. d4 cxd4 6. Nxd4 d6 7. Be2 Nc6 8. Be3
Qa5 9. O-O Nxd4 10. Bxd4 Be6 11. b4 Qd8 12. Nd5 Bxd5 13. exd5 b6 14. c5 O-O 15.
c6 Qc8 16. Rc1 Ne8 17. Bg4 Qd8 18. Bxg7 Kxg7 19. Re1 f5 20. Qd4+ Kg8 21. Bf3
Nc7 22. a4 1-0

[Event "Lichtenberger Sommer 2024"]
[Site "Berlin"]
[Date "2024.08.11"]
[Round "2.9"]
[White "Argote, Carlos David"]
[Black "Nötzel, Felix"]
[Result "1/2-1/2"]
[WhiteElo "1941"]
[BlackElo "2168"]
[PlyCount "81"]
[EventDate "2024.08.10"]
[BlackTeam "SF Berlin 1903 e.V."]

1. e4 c5 2. Nf3 Nc6 3. d4 cxd4 4. Nxd4 g6 5. c4 d6 6. Nc3 Nf6 7. Be2 Nxd4 8.
Qxd4 Bg7 9. O-O O-O 10. Qd3 Be6 11. Rd1 Nd7 12. Nd5 f5 13. Bg5 Nf6 14. Nxf6+
Bxf6 15. Bxf6 Rxf6 16. Bf3 Rc8 17. b3 b6 18. exf5 gxf5 19. Re1 Kh8 20. Rad1 Bd7
21. Qe2 e5 22. Bd5 f4 23. Qh5 Qf8 24. Be4 Qg7 25. Qe2 Rg8 26. f3 Bh3 27. Rd2
Bxg2 28. Qxg2 Qh6 29. Kh1 Rxg2 30. Rxg2 Rf8 31. Reg1 Qf6 32. Rg5 Qe7 33. Rh5
Rf7 34. Rhg5 Rf8 35. Rh5 Rg8 36. Rxh7+ Qxh7 37. Bxh7 Rxg1+ 38. Kxg1 Kxh7 39.
Kf2 Kg6 40. Ke2 Kg5 41. Kf2 1/2-1/2

[Event "Lichtenberger Sommer 2024"]
[Site "Berlin"]
[Date "2024.08.11"]
[Round "2.10"]
[White "Jahn, Thomas"]
[Black "Schmidt, Fabian"]
[Result "1-0"]
[WhiteElo "2165"]
[BlackElo "1934"]
[PlyCount "35"]
[EventDate "2024.08.10"]
[WhiteTeam "SV Empor Berlin e.V."]
[BlackTeam "SV Königsjäger Süd-West e.V."]

1. e4 e5 2. Nf3 Nc6 3. Bc4 Bc5 4. c3 Nf6 5. d4 exd4 6. cxd4 Bb4+ 7. Nbd2 Nxe4
8. d5 Nxd2 9. Bxd2 Qe7+ 10. Kf1 Na5 11. d6 Qe4 12. Qe1 Qxe1+ 13. Rxe1+ Kf8 14.
Bxb4 Nxc4 15. dxc7+ d6 16. Ne5 a5 17. Nxc4 axb4 18. Nb6 1-0

[Event "Lichtenberger Sommer 2024"]
[Site "Berlin"]
[Date "2024.08.11"]
[Round "2.11"]
[White "Rosmait, Emily"]
[Black "Petersen, Soren Boeck"]
[Result "0-1"]
[WhiteElo "1939"]
[BlackElo "2156"]
[PlyCount "108"]
[EventDate "2024.08.10"]
[WhiteTeam "TuRa Harksheide von 1945 Norders"]
[BlackTeam "vereinslos"]

1. e4 e6 2. d4 d5 3. Nd2 Nf6 4. e5 Nfd7 5. Bd3 c5 6. c3 Nc6 7. Ne2 cxd4 8. cxd4
f6 9. exf6 Qxf6 10. Nf3 h6 11. O-O Bd6 12. Be3 O-O 13. Rc1 Rd8 14. Bb1 Nf8 15.
Qd2 Bd7 16. Bf4 Be8 17. Bxd6 Rxd6 18. b4 Bh5 19. b5 Bxf3 20. bxc6 Bxe2 21. cxb7
Rb8 22. Qxe2 Qxd4 23. Rc8 Rxb7 24. Qc2 Qf6 25. Qh7+ Kf7 26. Bg6+ Ke7 27. Qg8
Rd8 28. Rxd8 Kxd8 29. h4 Ke7 30. Bh5 Rb2 31. Bf3 Rxa2 32. Bxd5 exd5 33. Qxd5
Ra1 34. Qc5+ Kf7 35. Qd5+ Ne6 36. Rxa1 Qxa1+ 37. Kh2 Qd4 38. Qf5+ Qf6 39. Qh5+
g6 40. Qe2 Qxh4+ 41. Kg1 h5 42. Qe3 Qd4 43. Qf3+ Kg8 44. Qg3 Kh7 45. Qa3 Ng7
46. g3 Qb6 47. g4 hxg4 48. Qg3 Qb1+ 49. Kg2 Qe4+ 50. Kg1 a5 51. Qh2+ Nh5 52.
Qc7+ Kh6 53. Qxa5 Nf4 54. f3 Qe2 0-1

[Event "Lichtenberger Sommer 2024"]
[Site "Berlin"]
[Date "2024.08.11"]
[Round "2.12"]
[White "Torosyan, Bagrat"]
[Black "Schmidt, Dietrich"]
[Result "1-0"]
[WhiteElo "2126"]
[BlackElo "1932"]
[PlyCount "83"]
[EventDate "2024.08.10"]
[WhiteTeam "TSG Oberschöneweide e.V."]
[BlackTeam "SV Empor Berlin e.V."]

1. Nf3 Nf6 2. g3 d6 3. Bg2 e5 4. d3 Be7 5. c4 c6 6. Nc3 O-O 7. O-O Bf5 8. Rb1
Nbd7 9. b4 Qc7 10. b5 d5 11. Nd2 Nb6 12. Qb3 Rfd8 13. a4 dxc4 14. Nxc4 Nxc4 15.
dxc4 Bxb1 16. Nxb1 cxb5 17. cxb5 Rac8 18. Be3 e4 19. b6 Qc4 20. Qxc4 Rxc4 21.
bxa7 Rxa4 22. Nc3 Rc4 23. Nb5 Ra8 24. Ra1 Nd5 25. Bf4 Nxf4 26. gxf4 f5 27. e3
Kf8 28. Bf1 Rc5 29. f3 Kf7 30. fxe4 fxe4 31. Ra4 Rc2 32. Bc4+ Kf8 33. Bd5 Rxa7
34. Rxa7 Bc5 35. Ra8+ Ke7 36. Nd4 Rc3 37. Bxe4 g6 38. Kf2 b5 39. Rb8 b4 40.
Rb7+ Kf6 41. Ke2 b3 42. Bd3 1-0

[Event "Lichtenberger Sommer 2024"]
[Site "Berlin"]
[Date "2024.08.11"]
[Round "2.13"]
[White "Baranowsky, Peter"]
[Black "Niehaus, Frank"]
[Result "0-1"]
[WhiteElo "1933"]
[BlackElo "2120"]
[PlyCount "41"]
[EventDate "2024.08.10"]
[WhiteTeam "SF Berlin 1903 e.V."]
[BlackTeam "SK König Tegel 1949 e.V."]

1. c4 Nf6 2. g3 g6 3. Bg2 Bg7 4. Nc3 O-O 5. d3 d6 6. Rb1 a5 7. e3 e5 8. Nge2
Nc6 9. O-O Be6 10. h3 Qd7 11. Kh2 d5 12. b3 Rfd8 13. Bb2 Qe7 14. a3 dxc4 15.
bxc4 Bxc4 16. Bxc6 bxc6 17. d4 c5 18. Re1 Qe6 19. Na4 cxd4 20. exd4 Qf5 21.
Nac3 0-1

[Event "Lichtenberger Sommer 2024"]
[Site "Berlin"]
[Date "2024.08.11"]
[Round "2.14"]
[White "Yatskar, Martin"]
[Black "Reddi, Bhuvana"]
[Result "1-0"]
[WhiteElo "2115"]
[BlackElo "1927"]
[PlyCount "81"]
[EventDate "2024.08.10"]
[WhiteTeam "SK König Tegel 1949 e.V."]
[BlackTeam "SC Weisse Dame e.V."]

1. d4 Nf6 2. c4 g6 3. h4 Bg7 4. Nc3 d6 5. e4 e5 6. d5 Nbd7 7. Be2 Nc5 8. Qc2 a5
9. h5 Nfd7 10. Be3 Na6 11. Qd2 Ndc5 12. g4 Bd7 13. f3 Qe7 14. h6 Bf8 15. Nh3 f6
16. Nf2 g5 17. Rb1 b6 18. b3 Rg8 19. a3 Nb7 20. b4 axb4 21. axb4 Nb8 22. Qb2
Nd8 23. Ra1 Rxa1+ 24. Qxa1 Nf7 25. Qa7 Qd8 26. Nd3 c5 27. dxc6 Nxc6 28. Qxb6
Qxb6 29. Bxb6 Be6 30. Nd5 Bxd5 31. cxd5 Nb8 32. Kd2 Nd7 33. Bc7 Be7 34. Ra1 Bd8
35. Ra8 Ke7 36. b5 Nxh6 37. Bxd8+ Rxd8 38. Ra7 Nf7 39. Nb4 Rc8 40. b6 Nd8 41.
Bb5 1-0

[Event "Lichtenberger Sommer 2024"]
[Site "Berlin"]
[Date "2024.08.11"]
[Round "2.15"]
[White "Muskewitz, Bernd"]
[Black "Sieglen, Joachim"]
[Result "0-1"]
[WhiteElo "1927"]
[BlackElo "2113"]
[PlyCount "96"]
[EventDate "2024.08.10"]
[WhiteTeam "SF Nordost Berlin"]
[BlackTeam "SC Untergrombach 46"]

1. e4 c5 2. Nf3 Nc6 3. c3 Nf6 4. e5 Nd5 5. d4 cxd4 6. cxd4 d6 7. Be2 e6 8. O-O
Be7 9. exd6 Qxd6 10. Nc3 O-O 11. Bg5 Bxg5 12. Ne4 Qb4 13. Nexg5 h6 14. Ne4 Qxb2
15. Bc4 Qb4 16. Bxd5 exd5 17. Rb1 Qe7 18. Nc3 Be6 19. Re1 Qd7 20. h3 Rac8 21.
Qa4 b6 22. Rec1 f6 23. Qb5 Rfd8 24. Qa6 Bf5 25. Rb3 Na5 26. Ra3 Nc4 27. Rb3 Na5
28. Ra3 Rc4 29. Ne2 Rxc1+ 30. Nxc1 Qc8 31. Qf1 Qc2 32. Nb3 Qb2 33. Ra4 Bd7 34.
Rb4 Qc3 35. Qe1 Qxe1+ 36. Nxe1 Nxb3 37. Rxb3 Rc8 38. Rb4 Rc4 39. Rxc4 dxc4 40.
Nc2 Ba4 41. Ne1 Kf7 42. Kf1 Ke6 43. Ke2 Kd5 44. Ke3 b5 45. a3 a5 46. Nf3 b4 47.
axb4 axb4 48. Nh4 b3 0-1

[Event "Lichtenberger Sommer 2024"]
[Site "Berlin"]
[Date "2024.08.11"]
[Round "2.16"]
[White "Hommel, Niclas"]
[Black "Fock, Madiha"]
[Result "0-1"]
[WhiteElo "2111"]
[BlackElo "1922"]
[PlyCount "60"]
[EventDate "2024.08.10"]
[WhiteTeam "TSG Oberschöneweide e.V."]
[BlackTeam "TSG Oberschöneweide e.V."]

1. e4 c5 2. Nf3 d6 3. d4 cxd4 4. Nxd4 Nf6 5. Nc3 a6 6. Be3 e6 7. f3 b5 8. Qd2
Bb7 9. g4 Nfd7 10. a3 Nb6 11. Nb3 Nc4 12. Bxc4 bxc4 13. Nd4 Nd7 14. g5 Rb8 15.
Qe2 Qc7 16. O-O-O Ba8 17. Kb1 Ne5 18. Ka2 Qa5 19. f4 d5 20. Bc1 Bb4 21. Nxd5
exd5 22. exd5 O-O 23. c3 Bxc3 24. fxe5 Bxd4 25. Rxd4 Bxd5 26. Rhd1 Be6 27. Ka1
c3 28. Qd3 Rb3 29. bxc3 Rxc3 30. Qe2 Rxa3+ 0-1

[Event "Lichtenberger Sommer 2024"]
[Site "Berlin"]
[Date "2024.08.11"]
[Round "2.17"]
[White "Schmidt, Jürgen"]
[Black "Schulz, Michael"]
[Result "1/2-1/2"]
[WhiteElo "1915"]
[BlackElo "2109"]
[PlyCount "146"]
[EventDate "2024.08.10"]
[WhiteTeam "SC Kreuzberg e.V."]
[BlackTeam "SC Zitadelle Spandau 1977 e.V."]

1. e4 c5 2. Nf3 Nc6 3. d4 cxd4 4. Nxd4 g6 5. Nc3 Bg7 6. Be3 Nf6 7. Bc4 O-O 8.
Bb3 d5 9. exd5 Na5 10. Nde2 a6 11. Qd2 b5 12. a3 Bb7 13. Ba2 Nc4 14. Bxc4 bxc4
15. Rd1 Qa5 16. O-O Rfd8 17. Bg5 Nxd5 18. Nxd5 Rxd5 19. Qxa5 Rxa5 20. Bd2 Rb5
21. Bc3 Bxc3 22. bxc3 Be4 23. Nd4 Rg5 24. f3 Bb7 25. Rb1 Ra7 26. Rfd1 Ra5 27.
Rb4 Bd5 28. a4 e5 29. Ne2 Kg7 30. Kf2 Rc5 31. Rdb1 Bc6 32. Ra1 a5 33. Rb6 Bd7
34. Ng3 f5 35. Nf1 f4 36. Nd2 Bc6 37. Ne4 Bxe4 38. fxe4 Rd7 39. Ke2 g5 40. Rab1
g4 41. Rb7 Rcc7 42. Rxc7 Rxc7 43. Rb5 Kf6 44. Rxa5 h5 45. Ra6+ Kg5 46. Ra5 f3+
47. gxf3 Kf4 48. fxg4 hxg4 49. Ra8 Rh7 50. Rf8+ Kxe4 51. Rf2 Ra7 52. Rg2 Kf4
53. Rf2+ Kg5 54. Rf8 Rxa4 55. Rg8+ Kf4 56. Rf8+ Ke4 57. Rg8 Ra2 58. Rxg4+ Kf5
59. Rxc4 Rxc2+ 60. Kd3 Rxh2 61. Re4 Rh8 62. Re1 Rd8+ 63. Ke3 e4 64. Rf1+ Ke5
65. Rc1 Rd3+ 66. Ke2 Rh3 67. c4 Kd4 68. Rd1+ Ke5 69. Rd8 Rc3 70. Re8+ Kd4 71.
Rd8+ Kxc4 72. Rc8+ Kd4 73. Rxc3 Kxc3 1/2-1/2

[Event "Lichtenberger Sommer 2024"]
[Site "Berlin"]
[Date "2024.08.11"]
[Round "2.18"]
[White "Amelang, Thomas"]
[Black "Guder, Sibylle"]
[Result "1-0"]
[WhiteElo "2106"]
[BlackElo "1915"]
[PlyCount "73"]
[EventDate "2024.08.10"]
[WhiteTeam "Münchener SC 1836 e.V."]
[BlackTeam "SF Berlin 1903 e.V."]

1. e4 c5 2. Nc3 d6 3. g3 Nc6 4. Bg2 g6 5. d3 Bg7 6. Be3 Rb8 7. Qd2 b5 8. a3 a5
9. f4 e6 10. Nf3 Nd4 11. O-O Ne7 12. Bf2 O-O 13. g4 b4 14. axb4 axb4 15. Nd1 f5
16. h3 Qb6 17. Kh1 Bd7 18. Bh4 Nxf3 19. Bxf3 Nc6 20. Ne3 Nd4 21. Bg2 Bb5 22.
Rf2 Kh8 23. gxf5 gxf5 24. Rg1 Qa6 25. Qd1 b3 26. c3 Nc2 27. Nc4 Bxc4 28. dxc4
Bf6 29. Bxf6+ Rxf6 30. exf5 Ne3 31. Qe2 Nxf5 32. Be4 Rg8 33. Rxg8+ Kxg8 34.
Bxf5 exf5 35. Qe8+ Kg7 36. Qe7+ Rf7 37. Rg2+ 1-0

[Event "Lichtenberger Sommer 2024"]
[Site "Berlin"]
[Date "2024.08.11"]
[Round "2.19"]
[White "Hoppe, Arthur"]
[Black "Matviienko, Mykhailo"]
[Result "1/2-1/2"]
[WhiteElo "1913"]
[BlackElo "2102"]
[PlyCount "105"]
[EventDate "2024.08.10"]
[WhiteTeam "SC Kreuzberg e.V."]
[BlackTeam "SK Zehlendorf e.V."]

1. e4 c5 2. Nf3 d6 3. Bb5+ Nd7 4. c4 a6 5. Ba4 g6 6. O-O Bg7 7. Nc3 e5 8. d3
Ne7 9. a3 O-O 10. b4 f5 11. Bxd7 Bxd7 12. bxc5 dxc5 13. Rb1 Rb8 14. Bg5 h6 15.
Bxe7 Qxe7 16. Rb6 Bc6 17. Nd5 Qd8 18. Qb3 f4 19. Rb1 g5 20. h3 h5 21. Nh2 Qd7
22. Qd1 Qf7 23. Qf3 Rbe8 24. g4 fxg3 25. Qxg3 Re6 26. f3 Kh8 27. Kh1 Bf6 28.
R6b2 Rg8 29. Rg1 Bd8 30. Nf1 Bc7 31. Nfe3 Bd6 32. Nf5 Bf8 33. Rbg2 b5 34. Qh2
Bxd5 35. cxd5 Reg6 36. Qxe5+ Kh7 37. Qh2 Kh8 38. f4 c4 39. dxc4 Bxa3 40. cxb5
axb5 41. Rxg5 Rxg5 42. fxg5 Qe8 43. Qe2 Rf8 44. Qf3 Bb2 45. g6 Kg8 46. d6 Qe6
47. Nh6+ Kg7 48. Nf5+ Kg8 49. Qg2 Bg7 50. Rc1 b4 51. Nxg7 Kxg7 52. Rc7+ Kg8 53.
g7 1/2-1/2

[Event "Lichtenberger Sommer 2024"]
[Site "Berlin"]
[Date "2024.08.11"]
[Round "2.20"]
[White "Pererva, Viktor"]
[Black "Hauer, Andreas"]
[Result "1-0"]
[WhiteElo "2100"]
[BlackElo "1911"]
[PlyCount "133"]
[EventDate "2024.08.10"]
[WhiteTeam "SV Mattnetz Berlin e.V."]
[BlackTeam "SC Turm Illingen"]

1. c4 e5 2. g3 Nf6 3. Bg2 d5 4. cxd5 Nxd5 5. Nf3 Nc6 6. Nc3 Nb6 7. O-O Be7 8.
a3 Be6 9. d3 O-O 10. Be3 f6 11. Rc1 Qd7 12. Ne4 Nd4 13. Bxd4 exd4 14. Qc2 Rac8
15. Nc5 Bxc5 16. Qxc5 Rfd8 17. Nd2 c6 18. Qa5 Ra8 19. Ne4 Qe7 20. Qc5 Rd7 21.
Rfe1 Qxc5 22. Nxc5 Re7 23. e3 dxe3 24. Rxe3 Rae8 25. Rce1 Kf7 26. d4 Bc8 27.
Ne4 Kf8 28. Nd6 Rxe3 29. fxe3 Rd8 30. Nxc8 Rxc8 31. Rc1 Re8 32. Kf2 f5 33. b4
Re7 34. h3 Kf7 35. g4 g6 36. gxf5 gxf5 37. Rc5 Kg6 38. Bf3 a6 39. Rc3 Nc8 40.
Bxc6 Nd6 41. Bf3 Nb5 42. Rb3 Rc7 43. a4 Nd6 44. a5 Nb5 45. Kg3 Kf6 46. Kf4 Nd6
47. Rb2 Rc3 48. Bd5 Rc1 49. h4 Rf1+ 50. Bf3 Rc1 51. h5 Rc3 52. Bd5 Rc1 53. h6
Rf1+ 54. Kg3 Rc1 55. Kf4 Rf1+ 56. Bf3 Rc1 57. Rg2 Rc7 58. Rg8 Re7 59. Rg7 Nf7
60. Bh5 Nd6 61. Rxe7 Kxe7 62. Ke5 Nc4+ 63. Kxf5 Nxe3+ 64. Ke5 Nc4+ 65. Kd5 b5
66. axb6 Nxb6+ 67. Kc6 1-0

[Event "Lichtenberger Sommer 2024"]
[Site "Berlin"]
[Date "2024.08.11"]
[Round "2.21"]
[White "Grassi, Fabrizio"]
[Black "Pixa, Richard"]
[Result "0-1"]
[WhiteElo "1907"]
[BlackElo "2099"]
[PlyCount "50"]
[EventDate "2024.08.10"]
[WhiteTeam "SV Berlin-Friedrichstadt"]
[BlackTeam "SV Mattnetz Berlin e.V."]

1. d4 d5 2. Bf4 Nf6 3. e3 e6 4. Nd2 c5 5. c3 Nc6 6. Bd3 Bd6 7. Bxd6 Qxd6 8. f4
cxd4 9. cxd4 Bd7 10. a3 Ne7 11. Nh3 Qb6 12. Rb1 Bb5 13. Qe2 Bxd3 14. Qxd3 Nf5
15. Nf2 Nd6 16. O-O O-O 17. Rfc1 Rfc8 18. g4 Rxc1+ 19. Rxc1 Qxb2 20. Rb1 Qa2
21. g5 Nd7 22. Rc1 Nb6 23. Rc7 Nbc4 24. Nxc4 dxc4 25. Qc3 Qxf2+ 0-1

[Event "Lichtenberger Sommer 2024"]
[Site "Berlin"]
[Date "2024.08.11"]
[Round "2.22"]
[White "Moser, Axel"]
[Black "Kapp, Frank"]
[Result "1-0"]
[WhiteElo "2097"]
[BlackElo "1905"]
[PlyCount "43"]
[EventDate "2024.08.10"]
[WhiteTeam "SC Freibauer Hofstetten"]
[BlackTeam "TSV IFA Chemnitz"]

1. Nf3 e6 2. c4 d5 3. g3 Nf6 4. d4 Be7 5. Bg2 O-O 6. O-O c6 7. Nc3 Nbd7 8. Qd3
dxc4 9. Qxc4 Nb6 10. Qb3 Nfd5 11. e4 Nxc3 12. Qxc3 Bf6 13. Bf4 Re8 14. Rfd1 g5
15. Be3 h6 16. a4 Qe7 17. a5 Nd7 18. e5 Bg7 19. a6 Nb6 20. Nd2 Nd5 21. Qc4 Qb4
22. Bxd5 1-0

[Event "Lichtenberger Sommer 2024"]
[Site "Berlin"]
[Date "2024.08.11"]
[Round "2.23"]
[White "Vogel, Robert"]
[Black "Matitschka, Heinz"]
[Result "1/2-1/2"]
[WhiteElo "2079"]
[BlackElo "1892"]
[PlyCount "75"]
[EventDate "2024.08.10"]
[WhiteTeam "SK München Südost e.V."]
[BlackTeam "TSG Oberschöneweide e.V."]

1. d4 Nf6 2. c4 e6 3. g3 Bb4+ 4. Nd2 O-O 5. Bg2 d6 6. Ngf3 Nbd7 7. O-O e5 8.
Nb3 e4 9. Ng5 d5 10. c5 c6 11. f3 h6 12. Nh3 Re8 13. Nf2 Nf8 14. Bf4 Bf5 15.
Bd6 Re6 16. a3 Rxd6 17. cxd6 Bxd6 18. fxe4 dxe4 19. e3 Nd5 20. Qe2 Qe7 21. Nd2
Nf6 22. Bh3 Bxh3 23. Nxh3 Re8 24. Nf4 Ne6 25. Nxe6 Qxe6 26. Rac1 Nd5 27. Nc4
Bc7 28. Rf2 b5 29. Nd2 Bd8 30. Nf1 Bg5 31. Qe1 Qg6 32. Qe2 h5 33. Re1 h4 34.
gxh4 Bxe3+ 35. Ng3 Bxf2+ 36. Qxf2 e3 37. Qf3 Re6 38. Qf5 1/2-1/2

[Event "Lichtenberger Sommer 2024"]
[Site "Berlin"]
[Date "2024.08.11"]
[Round "2.24"]
[White "Matiashvili, Alexander Michael"]
[Black "Tomin, Bogdan"]
[Result "0-1"]
[WhiteElo "1892"]
[BlackElo "2072"]
[PlyCount "75"]
[EventDate "2024.08.10"]
[WhiteTeam "SV Königsjäger Süd-West e.V."]
[BlackTeam "SF Berlin 1903 e.V."]

1. e4 c5 2. Nf3 Nc6 3. d4 cxd4 4. Nxd4 Nf6 5. Nc3 e5 6. Ndb5 d6 7. Nd5 Nxd5 8.
exd5 Nb8 9. a4 Be7 10. Be2 O-O 11. O-O f5 12. f4 a6 13. Na3 Nd7 14. Nc4 Bf6 15.
Kh1 Qe7 16. fxe5 Bxe5 17. Bd3 Qh4 18. h3 Nc5 19. Be3 Nxd3 20. Qxd3 Bd7 21. Bf2
Qh5 22. Nb6 Rad8 23. c3 f4 24. Nxd7 Rxd7 25. Bg1 Rdf7 26. Qf3 Qf5 27. Rf2 g5
28. Raf1 Qg6 29. Qe2 h5 30. Qc2 Qh6 31. Qe4 g4 32. c4 Qg5 33. Re2 f3 34. gxf3
Qh4 35. Qg6+ Rg7 36. Qe6+ Kh7 37. Bh2 Qxh3 38. Rfe1 0-1

[Event "Lichtenberger Sommer 2024"]
[Site "Berlin"]
[Date "2024.08.11"]
[Round "2.25"]
[White "Donath, Johann"]
[Black "Pimenov, Danil"]
[Result "1-0"]
[WhiteElo "2069"]
[BlackElo "1891"]
[PlyCount "87"]
[EventDate "2024.08.10"]
[WhiteTeam "BSV 63 Chemie Weißensee"]
[BlackTeam "SC Borussia Lichtenberg"]

1. e4 c5 2. Nf3 Nc6 3. Bb5 g6 4. O-O Bg7 5. Re1 e5 6. Bxc6 dxc6 7. d3 Ne7 8. a4
h6 9. a5 Be6 10. b3 O-O 11. Nbd2 Qc7 12. Bb2 g5 13. Nc4 Ng6 14. Ne3 f5 15. exf5
Bxf5 16. Nxf5 Rxf5 17. Nd2 Raf8 18. Ne4 b6 19. axb6 axb6 20. Ra6 Nf4 21. Qa1
R5f7 22. Ng3 Ng6 23. Ne4 Nf4 24. Ra8 Qe7 25. Qa6 Nd5 26. Rxf8+ Rxf8 27. Bc3 Qc7
28. Bd2 Nf6 29. Ng3 Kh8 30. Ra1 e4 31. dxe4 Ng4 32. Rf1 Bd4 33. Be1 b5 34. c3
Be5 35. f3 Ne3 36. Rf2 Bxg3 37. hxg3 Qd7 38. Rd2 Qe6 39. Bf2 Qxb3 40. Bxe3 Qxc3
41. Kf2 Rf6 42. Qb7 Rf8 43. Qxc6 c4 44. Bd4+ 1-0